| 000 | 00589nam a22002057a 4500 | ||
|---|---|---|---|
| 003 | KOHA_MİRAKIL | ||
| 005 | 20260416094614.0 | ||
| 008 | 260416b tu ||||| |||| 00| 0 tur d | ||
| 020 | _a9789755339047 | ||
| 040 |
_aTR-AnABB _btur _cTR-AnABB |
||
| 041 | _atur | ||
| 082 |
_a796.334 092 _bCON 2018 |
||
| 100 | 1 | _aÇongur, Elif | |
| 245 | 1 | 0 |
_aKöşe gönderinin bir metre kadar gerisi / _cElif Çongur |
| 260 |
_aAnkara : _bİmge Kitabevi, _c2018 |
||
| 300 |
_a298 sayfa ; _c20 cm |
||
| 650 | 0 | 0 | _aFutbol, denemeler |
| 900 | _bCan ÇELIK | ||
| 942 |
_2ddc _cBK |
||
| 999 |
_c10295 _d10295 |
||